000 00881nam a2200229 a 4500
001 64289
003 BD-RjUL
005 20211209081305.0
008 170213s1998 ii ||||| |||| 00| 0 ben d
035 _a(BD-RjUL)64419
040 _aBD-RjUL
_bben
_cBD-RjUL
_dBD-RjUL
041 _aben
082 _223
_a891.44109
_bGOJ 1998
100 _aগোস্বামী, তপন
_9118284
245 1 0 _aজীবনের কবি জীবনান্দ /
_cতপন গোস্বামী
260 _aকলকাতা:
_bপুস্তক বিপণি,
_c১৯৯৮
300 _a১৭৮ পৃ. ;
_c২৩ সেমি.
500 _aনির্ঘন্ট সংযুক্ত
650 _aবাংলা কবিতা
_vইতিহাস ও সমালোচনা
_9117445
650 _aBengali Poetry
_vHistory and Criticism
_9146528
942 _2ddc
_cBK
999 _c64289
_d64289